Antropología filosófica : (Registro nro. 577)

Detalles MARC
000 -Cabecera
Campo de control interno 00479nam a2200181Ia 4500
005 - Fecha y hora del registro
control field 20260306140528.0
008 - Elementos de Longitud Fija
fixed length control field 260306t2014||||xx |||||||||||||| ||spa||
041 ## - Idioma
Codigo Idioma ESP
082 ## - DEWEY y NOTACIÓN INTERNA
Dewey 128
Notación Interna G23 2014
100 ## - AUTOR
Autor denominación García Cuadrado, José Ángel,
Término de relación autor
245 #0 - TÍTULO DE MATERIAL BIBLIOGRÁFICO
Título Antropología filosófica :
Título paralelo una introducción a la filosofía del hombre
260 ## - CIUDAD, EDITORIAL, AÑO
Año 2014
300 ## - DESCRIPCIÓN
N° Páginas 271 páginas :
Dimensiones 24 cm.
650 ## - TEMAS
Temas Generalidades
654 ## - PROGRAMAS
Programa Dpto. de Humanidades
942 ## - ELEMENTOS DE KOHA
Tipo de documento Libro
Nombre del creador Justo Noguera
Código de catalogador Justo Noguera
Esquema de clasificación Dewey Decimal Classification
Suppress in OPAC
Existencias
Codigo completo Registro Colección Copia número Disponibilidad Tipo de préstamo Biblioteca Actual Procedencia (Biblioteca) Ubicacón Fecha Ingreso Tipo de Adquisición Date last seen Total checkouts Date last checked out Price effective from Tipo de Item Estado del Material Fuente de Clasificación Damaged status Withdrawn status
128 G23 2014 1038513 Universidad Católica San Pablo 3 Disponible Disponible Víctor Andrés Belaunde Víctor Andrés Belaunde Planta baja abierta 03/06/2026 Compra 18/03/2026 1 16/03/2026 06/03/2026 Libro Bueno Dewey Decimal Classification